ბათუმის შოთა რუსთაველის სახელმწიფო უნივერსიტეტის ბიბლიოთეკა

Определитель микроскопических почвенных грибов:(порядок Moniliales,за исключением подсемейства Aspergilleae) (ბიბ.ჩანაწერი № 45513)

000 -LEADER
fixed length control field 00681nam a2200193Ia 4500
001 - CONTROL NUMBER
control field 12338
003 - CONTROL NUMBER IDENTIFIER
control field GE_BSU
008 - FIXED-LENGTH DATA ELEMENTS--GENERAL INFORMATION
fixed length control field 181216s||||||||xx |||||||||||||| ||und||
040 ## - CATALOGING SOURCE
Transcribing agency GE_BSU
080 ## - UNIVERSAL DECIMAL CLASSIFICATION NUMBER
Universal Decimal Classification number 631.46
100 ## - MAIN ENTRY--PERSONAL NAME
Personal name Литвинов, М.А.
245 ## - TITLE STATEMENT
Title Определитель микроскопических почвенных грибов:(порядок Moniliales,за исключением подсемейства Aspergilleae)
260 ## - PUBLICATION, DISTRIBUTION, ETC.
Place of publication, distribution, etc. Ленинград
260 ## - PUBLICATION, DISTRIBUTION, ETC.
Name of publisher, distributor, etc. Наука
260 ## - PUBLICATION, DISTRIBUTION, ETC.
Date of publication, distribution, etc. 1967
300 ## - PHYSICAL DESCRIPTION
Extent 302стр.илл.27см.
653 ## - INDEX TERM--UNCONTROLLED
Uncontrolled term Определитель микроскопических почвенных грибов
942 ## - ADDED ENTRY ELEMENTS (KOHA)
Koha item type წიგნი
ეგზემპლარები
Withdrawn status Lost status Damaged status Not for loan Date acquired Barcode Date last seen Price effective from Koha item type
        2018-12-17 20482 2018-12-17 2018-12-17 წიგნი